All Death Grips Songs - Statistics

General Stats
  • This quiz has been taken 1,266 times
  • The average score is 61 of 119
Answer Stats
Album Song % Correct
The Money Store Get Got
88%
The Money Store Hacker
88%
NØ LØV∑ D∑∑P W∏B No Love
85%
Exmilitary Guillotine
84%
Death Grips Death Grips (Next Grips)
83%
The Money Store I've Seen Footage
80%
NØ LØV∑ D∑∑P W∏B Deep Web
77%
Exmilitary Beware
75%
The Money Store The Fever (Aye Aye)
75%
Exmilitary Takyon (Death Yon)
74%
The Money Store F**k That
73%
Death Grips Takyon (Death You)
73%
The Money Store Hustle Bones
69%
The Powers That B On GP
68%
Steroids (Crouching Tiger Hidden Gabber Megamix) Steroids (Crouching Tiger Hidden Gabber Megamix)
68%
The Money Store B***h Please
67%
Year of the Snitch Death Grips Is Online
67%
The Money Store Blackjack
66%
Bottomless Pit Bottomless Pit
66%
The Money Store Punk Weight
66%
Government Plates You Might Think He Loves You For Your Money But I Know What He Really Loves You For It's Your Brand New Leopard Skin Pillbox Hat
66%
Bottomless Pit Giving Bad People Good Ideas
65%
The Money Store Double Helix
64%
Fashion Week Runway E
62%
Fashion Week Runway H
62%
Fashion Week Runway J
62%
Fashion Week Runway N
62%
Fashion Week Runway Y
62%
Exmilitary Spread Eagle Cross the Block
62%
The Money Store Lost Boys
61%
Fashion Week Runway A
61%
Fashion Week Runway D
61%
Fashion Week Runway T
61%
Fashion Week Runway W
60%
Bottomless Pit Spikes
60%
Government Plates Birds
59%
Bottomless Pit Hot Head
58%
The Money Store System Blower
58%
The Powers That B Up My Sleeves
58%
The Money Store The Cage
57%
Exmilitary 5D
56%
The Powers That B Death Grips 2.0
56%
Year of the Snitch Flies
56%
Fashion Week Runway E(2)
56%
Fashion Week Runway N(2)
56%
The Powers That B I Break Mirrors with My Face in the United States
55%
Exmilitary Lord of the Game
55%
Fashion Week Runway E(3)
55%
Fashion Week Runway H(2)
55%
Fashion Week Runway N(3)
55%
Year of the Snitch Black Paint
54%
Bottomless Pit Eh
54%
NØ LØV∑ D∑∑P W∏B Come Up and Get Me
53%
Exmilitary Klink
53%
Bottomless Pit 80808
52%
The Powers That B Billy Not Really
52%
The Powers That B Black Quarterback
52%
Exmilitary Culture Shock
52%
Exmilitary I Want It I Need It (Death Heated)
52%
Bottomless Pit Three Bedrooms in a Good Neighborhood
52%
Government Plates Anne Bonny
51%
NØ LØV∑ D∑∑P W∏B Artificial Death in the West
51%
The Powers That B The Powers That B
51%
Bottomless Pit Bubbles Buried in This Jungle
50%
Death Grips Full Moon (Death Classic)
50%
Year of the Snitch Hahaha
49%
The Powers That B Inanimate Sensation
48%
NØ LØV∑ D∑∑P W∏B Lil Boy
48%
The Powers That B Have a Sad Cum BB
47%
Exmilitary Blood Creepin
45%
The Powers That B Centuries of Damn
45%
Year of the Snitch Disappointed
45%
Government Plates Government Plates
44%
Exmilitary Thru the Walls
44%
Bottomless Pit Trash
44%
Bottomless Pit Warping
44%
NØ LØV∑ D∑∑P W∏B World of Dogs
44%
NØ LØV∑ D∑∑P W∏B Black Dice
43%
Year of the Snitch Sh*tshow
43%
Year of the Snitch Streaky
43%
The Powers That B Big Dipper
42%
Bottomless Pit Houdini
42%
Year of the Snitch Linda's in Custody
42%
The Powers That B Voila
42%
Exmilitary Known for It
41%
Death Grips Known for It (Freak Grips)
41%
Year of the Snitch Outro
41%
Bottomless Pit Ring a Bell
41%
The Powers That B Pss Pss
40%
The Powers That B Say Hey Kid
40%
NØ LØV∑ D∑∑P W∏B Stockton
40%
Bottomless Pit BB Poison
39%
Year of the Snitch The Fear
38%
NØ LØV∑ D∑∑P W∏B Whammy
38%
Exmilitary Cut Throat (Instrumental)
37%
Year of the Snitch Dilemma
37%
The Powers That B F**k Me Out
37%
NØ LØV∑ D∑∑P W∏B Pop
37%
Government Plates Whatever I Want (F**k Who's Watching)
37%
NØ LØV∑ D∑∑P W∏B Bass Rattle Stars out the Sky
36%
Year of the Snitch Little Richard
36%
NØ LØV∑ D∑∑P W∏B Lock Your Doors
36%
Government Plates Two Heavens
36%
NØ LØV∑ D∑∑P W∏B Hunger Games
35%
Year of the Snitch The Horn Section
35%
The Powers That B Why a B***h Gotta Lie
35%
Government Plates Big House
34%
Death Grips Face Melter (How to Do Impossible Things)
34%
The Powers That B Turned Off
34%
Government Plates Feels Like a Wheel
33%
Single #4 More Than the Fairy
31%
Government Plates This Is Violence Now (Don't Get Me Wrong)
30%
The Powers That B Beyond Alive
29%
Government Plates Bootleg (Don't Need Your Help)
29%
Government Plates I'm Overflow
24%
Single #2 @deathgripz
23%
Death Grips Where's It At (Death Heated)
22%
Single #3 True Vulture
19%
Single Poser Killer / Fyrd Up
18%
No matching quizzes found
Score Distribution
Percent of People with Each Score
Percentile by Number Answered
Your Score History
You have not taken this quiz